तुम कर दो संकेत / (Record no. 11508)

MARC details
000 -LEADER
fixed length control field 01224 a2200217 4500
005 - DATE AND TIME OF LATEST TRANSACTION
control field 20080825142521.0
008 - FIXED-LENGTH DATA ELEMENTS--GENERAL INFORMATION
fixed length control field 080825t xxu||||| |||| 00| 0 hin d
010 ## - LIBRARY OF CONGRESS CONTROL NUMBER
LC control number HIN-83022
020 ## - INTERNATIONAL STANDARD BOOK NUMBER
Terms of availability 150.00
International Standard Book Number 8189133411
035 ## - SYSTEM CONTROL NUMBER
System control number HN-55368
037 ## - SOURCE OF ACQUISITION
Source of stock number/acquisition पु.प्र.अ.प्र/प्रका
082 ## - DEWEY DECIMAL CLASSIFICATION NUMBER
Classification number 821
100 ## - MAIN ENTRY--PERSONAL NAME
Personal name यजुर्वेदी, वेद प्रकाश
245 ## - TITLE STATEMENT
Title तुम कर दो संकेत /
Statement of responsibility, etc वेद प्रकाश यजुर्वेदी
246 ## - VARYING FORM OF TITLE
Title proper/short title Tum kar do sanket
Remainder of title by Ved Prakash Yajurvedi
260 ## - PUBLICATION, DISTRIBUTION, ETC. (IMPRINT)
Place of publication, distribution, etc गाजियाबाद
Name of publisher, distributor, etc अनुभव प्रकाशन
Date of publication, distribution, etc 2006
270 ## - ADDRESS
Address ई-28, लाजपत नगर, साहिबाबाद
City गाजियाबाद
Postal code 201005
Telephone number 0120- 4112210, 2630699, 2635277 मो. 9811279368, 9911179368
Electronic mail address pbdjpr@rediffmail.com
State or province (उ.प्र.)
Fax number anubhavprakashan@gmail.com
300 ## - PHYSICAL DESCRIPTION
Extent 160पृ
Dimensions 22सेमी (सजिल्द)
942 ## - ADDED ENTRY ELEMENTS (KOHA)
Institution code [OBSOLETE] dpl
Koha item type Hindi Books
Call number prefix 821 / यजुर्वे
Source of classification or shelving scheme Dewey Decimal Classification
Classification part 821
Call number suffix यजुर्वे
Holdings
Withdrawn status Lost status Damaged status Not for loan Home library Current library Date acquired Cost, normal purchase price Total Checkouts Full call number Barcode Date last seen Copy number Uniform Resource Identifier Cost, replacement price Price effective from Koha item type
        D.B.Act.Division D.B.Act.Division   150.00   821 यजुर्वे HN-55368 15/09/2008 1 12620 15.00 15/09/2008 Hindi Books

© Delhi Public Library
Hit Counter
free hit counter